000 00563nam a2200169Ii 4500
003 JO-AjNU
008 230606s9999||||xx |||||||||||||| ||und||
040 _aJO-AjNU
_beng
_erda
_cJO-AjNU
041 _aeng
050 1 4 _aLB1028.3.2015
100 3 _aAL-Momaney, Wala,a Yousef, Ala,a Ryad AL-Amaireh,
_eauthor
_93712
245 0 0 _aAttitudes Towards Reading Comprehension Skills of EFL Learners at Ajloun National University Students
300 _aP30
336 _atext
_btxt
_2rdacontent
337 _aunmediated
_bn
_2rdamedia
338 _avolume
_bnc
_2rdacarrier
999 _aE1936
_c1936
_d1936